000 00865nam a22001937a 4500
003 OSt
008 220127b ||||| |||| 00| 0 eng d
020 _a9788183600774
082 _a631.5871
_bMAN/PR
100 _aMane, M.S
_92007
245 _aPrinciples of drip irrigation system
250 _a3rd
260 _aNew Delhi
_bJain Brothers
_c2014
300 _a224
505 _a1 INTRODUCTION 2 DRIP IRRIGATION SYSTEM 3 DRIPPERS 4 DESIGN OF DRIP IRRIGATION SYSTEM 5 INSTALLATION AND COMMISSIONING OF DRIP IRRIGATION SYSTEM 6 MAINTENANCE OF DRIP IRRIGATION SYSTEM 7 PERFORMANCE EVALUATION OF DRIP IRRIGATION SYSTEM 8 FERTIGATION : 9 FILTRATION 10 FILTERS 11 QUALITY OF IRRIGATION WATER 12 SOIL PLANT WATER RELATIONSHIPS 13 DRIP IRRIGATION MATERIAL SUPPLIERS LIST
700 _aAyare, B.L
_92008
700 _aMagar, S.S
_92009
942 _cBK
999 _c14796
_d14796